Historia Polski - Statystyki

Ogólne statystyki
  • Ten quiz został rozwiązany 156 razy
  • Średni wynik to 8 z 9
Statystyki odpowiedzi
Zagadnienie Odpowiedź % Poprawnych
W jakim roku był chrzest Polski ? 966
98%
W jakim roku Polska odzyskała Niepodległość ? 1918
96%
Gdzie rozpoczeła się II wojna światowa ? Westerplatte
91%
W jakim roku był koronowany pierwszy król Polski ? 1025
89%
W jakim roku Polsce obalono komunizm ? 1989
88%
W jakim roku odbyło się Euro w Polsce i Ukrainie 2012
88%
Jak nazywal sie pierwszy Polak w kosmosie ? Mirosław Hermaszewski
80%
W jakim roku Jan Paweł II został papieżem ? 1978
76%
Jak nazywa się drugi Polak w kosmosie ? Sławosz Uznański Wiśniewski
75%
Nie znaleziono quizów pasujących do podanych kryteriów
Rozkład punktacji
Procent ludzi z każdym wynikiem
Percentyl według liczby udzielonych odpowiedzi
Twoja historia wyników
Nie rozwiązałeś tego quizu